Statistiken für Deutsche Fußballer Top 20

Klicken Sie hier um das Quiz zu spielen!

Allgemein

  • Dieses Quiz wurde 1.839 mal gespielt
    (1.838 seit der letzten Aktualisierung)
  • Das Durchschnittsergebnis liegt bei 15 aus 20

Antwortstatistiken

MarktwertClubSpieler% Korrekt
70mio.FC ChelseaHavertz
94%
80mio.FC BayernKimmich
94%
60mio.FC BayernSane
89%
65mio.FC BayernGnabry
88%
65mio.FC BayernGoretzka
86%
35mio.FC ChelseaWerner
86%
70mio.Bayer LeverkusenWirtz
86%
65mio.FC BayernMusiala
84%
25mio.Manchester CityGündogan
83%
40mio.Real MadridRüdiger
82%
30mio.FC BarcelonaTer-Stegen
82%
22mio.FC Bayern Müller
80%
28mio.Inter MailandGosens
75%
35mio.Borussia DortmundSüle
73%
22mio.PSGKehrer
65%
33mio.Borussia DortmundSchlotterbeck
65%
25mio.Borussia DortmundBrandt
64%
35mio.Borussia DortmundAdeyemi
55%
22mio.Benfica LissabonWeigl
51%
25mio.Bayer LeverkusenTah
49%

Verteilung der Resultate

Perzentil nach korrekt beantworteten Fragen

Anzahl Personen mit jedem Resultat

Ihre Resultats-Entwicklung

Sie haben dieses Quiz seit der letzten Aktualisierung nicht gespielt